Josep Maria Soler i Coll, alpinista i agrònom : 1893-1971 / 1893-1971 /
ISBN:
9788490343593
Descripción Física:
94 pàgines : il·lustracions ; 24 cm
Colección:
Col·lecció perfils
; 19
Materias:
Soler i Coll, Josep M. -- (Josep Maria), -- 1893-1971
; Agrònoms -- Catalunya -- Biografia
; Esquí -- Catalunya -- Història
Idioma:
Catalán
MARC
| LEADER | 00000nam a2200000 a 4500 | ||
|---|---|---|---|
| 001 | 24645 | ||
| 003 | Arxiu | ||
| 005 | 20260324181110.0 | ||
| 008 | 160621s2015 spca||| |||| 0|0 0bcat| | ||
| 017 | |a DL T 1212-2015 |b Biblioteca de Catalunya | ||
| 020 | |a 9788490343593 | ||
| 043 | |a e-sp--- |b e-spc-- |2 catmarc | ||
| 080 | |a Bib-554 | ||
| 100 | |a Roma i Casanovas, Francesc, |d 1963- |9 52989 | ||
| 245 | 1 | 0 | |a Josep Maria Soler i Coll, alpinista i agrònom : |b 1893-1971 / |c Francesc Roma i Casanovas |
| 260 | |a Valls : |b Cossetània, |c 2015 | ||
| 300 | |a 94 pàgines : |b il·lustracions ; |c 24 cm | ||
| 490 | 1 | |a Perfils ; |v 19 | |
| 504 | |a Bibliografia | ||
| 600 | 0 | |a Soler i Coll, Josep M. |q (Josep Maria), |d 1893-1971 |2 lemac |9 33471 | |
| 650 | 0 | |a Agrònoms |z Catalunya |2 lemac |9 52990 |v Biografia | |
| 650 | 0 | |a Esquí |z Catalunya |x Història |2 lemac |9 52991 | |
| 830 | 0 | |a Col·lecció perfils ; |v 19 | |
| 940 | |a BC | ||
| 942 | |2 udc |c ARXIU |n 1 | ||
| 952 | |0 0 |1 0 |4 0 |7 1 |9 61786 |a Arxiu |b Arxiu |d 2022-05-19 |o 81640 |p 24645 |r 2022-05-19 00:00:00 |w 2022-05-19 |y ARXIU | ||
| 999 | |c 81640 |d 81640 | ||